Drapeaux par IA - Moyen - Statistiques

Statistiques générales
  • Ce quiz a été pris 35 fois
    28 depuis la dernière actualisation
  • Le résultat moyen est 15 sur 16
Statistiques - réponses
Par images Réponse % Correct
Croatie
100%
Iran
100%
Portugal
100%
Chili
96%
Roumanie
96%
Slovaquie
96%
Tunisie
96%
Cuba
92%
Équateur
92%
Émirats arabes unis
88%
Malaisie
88%
Serbie
88%
Thaïlande
88%
Qatar
84%
Kazakhstan
80%
Azerbaïdjan
68%
Aucun quiz correspondant
Distribution des résultats
% des personnes avec chaque résultat
Percentile par nombre de réponses
Votre historique - résultats
Vous n’avez pas pris ce quiz depuis la dernière actualisation